000 00483nam a2200181Ia 4500
005 20250508163528.0
008 008 250505s9999 xx 000 0 eng d
037 _aTextual
040 _aFEDL
_beng
_cFEDL
041 _aeng
_2eng
084 _a428.43, ROB
_qFEDL
100 _aRobinson H Alan
_9765521
245 0 _aReading comprehension instruction 1783-1987
260 _c1990
300 _ax,202p.
942 _cTEXL
_h428.43, ROB
999 _c1383896
_d1383896